<?xml version="1.0" encoding="UTF-8"?>
<record
    xmlns:xsi="http://www.w3.org/2001/XMLSchema-instance"
    xsi:schemaLocation="http://www.loc.gov/MARC21/slim http://www.loc.gov/standards/marcxml/schema/MARC21slim.xsd"
    xmlns="http://www.loc.gov/MARC21/slim">

  <leader>00514nam a22001577a 4500</leader>
  <datafield tag="999" ind1=" " ind2=" ">
    <subfield code="c">127679</subfield>
    <subfield code="d">127679</subfield>
  </datafield>
  <controlfield tag="005">20220811094151.0</controlfield>
  <controlfield tag="008">220811b           ||||| |||| 00| 0 eng d</controlfield>
  <datafield tag="020" ind1=" " ind2=" ">
    <subfield code="a">9690008323</subfield>
  </datafield>
  <datafield tag="040" ind1=" " ind2=" ">
    <subfield code="c">PK-LaUMT</subfield>
  </datafield>
  <datafield tag="082" ind1=" " ind2=" ">
    <subfield code="a">APC 297.4</subfield>
    <subfield code="b">JAM-D</subfield>
  </datafield>
  <datafield tag="100" ind1=" " ind2=" ">
    <subfield code="a">Jamila Hashmi =  &#x62C;&#x645;&#x6CC;&#x644;&#x6C1; &#x6C1;&#x627;&#x634;&#x645;&#x6CC;</subfield>
  </datafield>
  <datafield tag="245" ind1=" " ind2=" ">
    <subfield code="a">Dasht i soos =  &#x62F;&#x634;&#x62A; &#x633;&#x648;&#x633; (&#x62D;&#x633;&#x6CC;&#x646; &#x628;&#x646; &#x645;&#x646;&#x635;&#x648;&#x631; &#x62D;&#x644;&#x627;&#x62C; &#x6D4; &#x627;&#x6CC;&#x6A9; &#x63A;&#x646;&#x627;&#x626;&#x6CC;&#x6C1;) /</subfield>
    <subfield code="c">by Jamila Hashmi =  &#x62C;&#x645;&#x6CC;&#x644;&#x6C1; &#x6C1;&#x627;&#x634;&#x645;&#x6CC;</subfield>
  </datafield>
  <datafield tag="260" ind1=" " ind2=" ">
    <subfield code="a">Lahore :</subfield>
    <subfield code="b">Ferozsons,</subfield>
    <subfield code="c">1988</subfield>
  </datafield>
  <datafield tag="300" ind1=" " ind2=" ">
    <subfield code="a">494 p.</subfield>
  </datafield>
  <datafield tag="942" ind1=" " ind2=" ">
    <subfield code="c">BK</subfield>
  </datafield>
  <datafield tag="952" ind1=" " ind2=" ">
    <subfield code="0">0</subfield>
    <subfield code="1">0</subfield>
    <subfield code="4">0</subfield>
    <subfield code="7">0</subfield>
    <subfield code="a">01</subfield>
    <subfield code="b">01</subfield>
    <subfield code="d">2022-08-11</subfield>
    <subfield code="l">0</subfield>
    <subfield code="o">APC 297.4 JAM-D</subfield>
    <subfield code="p">143578</subfield>
    <subfield code="r">2022-08-11 00:00:00</subfield>
    <subfield code="w">2022-08-11</subfield>
    <subfield code="y">BK</subfield>
  </datafield>
</record>
